Αλληλεπίδραση σχολείου και οικογένειας με παιδί με ειδικές εκπαιδευτικές ανάγκες ή και αναπηρίες μέσω της χρήσης νέων τεχνολογιών : διπλωματική εργασία [μεταπτυχιακή εργασία]
Αποθηκεύτηκε σε:
| Κύριος συγγραφέας: | |
|---|---|
| Συγγραφή απο Οργανισμό/Αρχή: | |
| Άλλοι συγγραφείς: | |
| Μορφή: | Thesis Βιβλίο |
| Γλώσσα: | Greek |
| Δημοσίευση: |
2016.
|
| Θέματα: | |
| Διαθέσιμο Online: | http://hdl.handle.net/11610/22013 |
| Ετικέτες: |
Προσθήκη ετικέτας
Δεν υπάρχουν, Καταχωρήστε ετικέτα πρώτοι!
|
MARC
| LEADER | 00000cam a2200000 a 4500 | ||
|---|---|---|---|
| 001 | 1/113147 | ||
| 008 | 170222s2016####gr | ||| |||| ||gre|| | ||
| 040 | |a GR-MyUa |b gre |c GR-MyUa |e AACR2 | ||
| 041 | 0 | |a gre | |
| 082 | 7 | |a 362.4 |2 (23) | |
| 100 | 1 | |a Γενιτσαρίδου, Καλλιόπη. | |
| 245 | 1 | 0 | |a Αλληλεπίδραση σχολείου και οικογένειας με παιδί με ειδικές εκπαιδευτικές ανάγκες ή και αναπηρίες μέσω της χρήσης νέων τεχνολογιών : |b διπλωματική εργασία [μεταπτυχιακή εργασία] / |c Γενιτσαρίδου Καλλιόπη ; επιβλέπουσα καθηγήτρια: Τσιμπιδάκη Ασημίνα. |
| 260 | |c 2016. | ||
| 300 | |a 135 σ. : |b πίν., διαγρ. ; |c 30 εκ. | ||
| 500 | |a Μέλη εξεταστικής επιτροπής: Σοφός Αλιβίζος, Δάρρα Μαρία. | ||
| 502 | |a Διατριβή (μεταπτυχιακή) – Πανεπιστήμιο Αιγαίου, Ρόδος, 2016. | ||
| 504 | |a Βιβλιογραφία: σ. 106-116. | ||
| 506 | 0 | |a Πλήρες κείμενο - Ελεύθερη δημοσίευση. | |
| 650 | 0 | |a Children with disabilities |x Family relationships. | |
| 650 | 0 | |a Parents of children with disabilities |x Research. | |
| 650 | 0 | |a Children with disabilities |x Education. | |
| 650 | 0 | |a Educational technology. | |
| 650 | 0 | |a Information technology. | |
| 650 | 0 | |a Learning disabled children |x Education. | |
| 650 | 0 | |a Children with disabilities. | |
| 650 | 0 | |a Computers and people with disabilities. | |
| 700 | 1 | |a Τσιμπιδάκη, Ασημίνα, |e dgsf | |
| 710 | 2 | |a Πανεπιστήμιο Αιγαίου |b Σχολή Ανθρωπιστικών Επιστημών |b Παιδαγωγικό Τμήμα Δημοτικής Εκπαίδευσης |b Πρόγραμμα Μεταπτυχιακών Σπουδών Επιστήμες της Αγωγής - Εκπαίδευση με τη Χρήση Νέων Τεχνολογιών. | |
| 852 | |a INST |b RHODES |c DIATR |e 20170222 |h 362.4 ΓΕΝ |p 005400039149 |q 005400039149 |t MTXE |y 23 | ||
| 856 | |u http://hdl.handle.net/11610/22013 | ||
| 924 | |a Γενιτσαρίδου |b Καλλιόπη |y Ρόδος |z 2016-09 | ||
| 970 | |z 22-02-2017 | ||